{"text_format":"3","workbook":"xlsx","n_sheets":1,"sheets":["t322"],"read":"whole","date_system":"1900"}

{"sheet":"t322","index":0,"n_rows":189,"n_cols":7,"rows_kept":189,"merged":[[0,0,0,6],[28,0,28,5],[43,0,43,5],[157,0,157,5]]}
["TABELA 322.1 - Estatísticas Agrícolas, Município de Maracaí, Estado de São Paulo, 2016/17."]
["ITEM","UNIDADE","N.DE UPAs","MÍNIMO","MÉDIO","MÁXIMO","TOTAL"]
["Distância à sede do município","km",783,0.1,{"v":12.75,"d":"12.8"},{"v":45,"d":"45.0"},"-"]
["Área total","hectare",783,1.2,{"v":61.99,"d":"62.0"},{"v":2464,"d":"2,464.0"},{"v":48534.26,"d":"48,534.3"}]
["Área com cultura perene","hectare",4,0.5,1.8,{"v":4,"d":"4.0"},7.2]
["Área com cultura temporária","hectare",715,0.2,{"v":58.44,"d":"58.4"},{"v":2386.8,"d":"2,386.8"},{"v":41783.82,"d":"41,783.8"}]
["Área com pastagem","hectare",317,0.2,{"v":11.45,"d":"11.5"},{"v":350,"d":"350.0"},{"v":3631.2,"d":"3,631.2"}]
["Área com reflorestamento","hectare",36,0.1,{"v":5.36,"d":"5.4"},{"v":66,"d":"66.0"},{"v":193,"d":"193.0"}]
["Área com vegetação natural","hectare",457,0.1,{"v":4.54,"d":"4.5"},176.3,{"v":2075.83,"d":"2,075.8"}]
["Área com vegetação de brejo e várzea","hectare",65,0.1,{"v":3.06,"d":"3.1"},23.6,199.1]
["Área em descanso","hectare",16,0.3,{"v":3.88,"d":"3.9"},13.2,{"v":62,"d":"62.0"}]
["Área complementar","hectare",434,{"v":0.01,"d":"0.0"},{"v":1.34,"d":"1.3"},53.8,{"v":582.11,"d":"582.1"}]
["Área das UPAs com (0, 1] ha","hectare","-","-","-","-","-"]
["Área das UPAs com (1, 2] ha","hectare",10,1.2,{"v":1.58,"d":"1.6"},{"v":2,"d":"2.0"},15.8]
["Área das UPAs com (2, 5] ha","hectare",66,2.2,{"v":3.69,"d":"3.7"},{"v":5,"d":"5.0"},243.7]
["Área das UPAs com (5, 10] ha","hectare",91,5.2,{"v":7.69,"d":"7.7"},{"v":10,"d":"10.0"},699.5]
["Área das UPAs com (10, 20] ha","hectare",177,10.2,{"v":14.35,"d":"14.4"},{"v":20,"d":"20.0"},{"v":2539.28,"d":"2,539.3"}]
["Área das UPAs com (20, 50] ha","hectare",226,20.2,{"v":32.44,"d":"32.4"},49.6,{"v":7331.18,"d":"7,331.2"}]
["Área das UPAs com (50, 100] ha","hectare",120,50.3,{"v":69.45,"d":"69.5"},{"v":99,"d":"99.0"},{"v":8334.3,"d":"8,334.3"}]
["Área das UPAs com (100, 200] ha","hectare",48,{"v":101,"d":"101.0"},{"v":140.73,"d":"140.7"},188.6,{"v":6755.2,"d":"6,755.2"}]
["Área das UPAs com (200, 500] ha","hectare",35,{"v":205,"d":"205.0"},{"v":326.67,"d":"326.7"},{"v":499,"d":"499.0"},{"v":11433.4,"d":"11,433.4"}]
["Área das UPAs com (500, 1.000] ha","hectare",7,{"v":589,"d":"589.0"},{"v":781.33,"d":"781.3"},937.2,{"v":5469.3,"d":"5,469.3"}]
["Área das UPAs com (1.000, 2.000] ha","hectare",2,{"v":1257.2,"d":"1,257.2"},{"v":1624.3,"d":"1,624.3"},{"v":1991.4,"d":"1,991.4"},{"v":3248.6,"d":"3,248.6"}]
["Área das UPAs com (2.000, 5.000] ha","hectare",1,{"v":2464,"d":"2,464.0"},{"v":2464,"d":"2,464.0"},{"v":2464,"d":"2,464.0"},{"v":2464,"d":"2,464.0"}]
["Área das UPAs com (5.000, 10.000] ha","hectare","-","-","-","-","-"]
["Área das UPAs acima de 10.000 ha","hectare","-","-","-","-","-"]
["Fonte: Secretaria de Agricultura e Abastecimento, CDRS/IEA, Projeto LUPA."]
[]
["TABELA 322.2 - Explorações Animais, Município de Maracaí, Estado de São Paulo, 2016/17."]
["ITEM","UNIDADE","N.DE UPAs","MÍNIMO","MÉDIO","MÁXIMO","TOTAL"]
["Asininos e muares","cabecas",6,{"v":1,"d":"1.0"},{"v":2.17,"d":"2.2"},{"v":6,"d":"6.0"},{"v":13,"d":"13.0"}]
["Avicultura de corte","cabecas/ano",1,{"v":30,"d":"30.0"},{"v":30,"d":"30.0"},{"v":30,"d":"30.0"},{"v":30,"d":"30.0"}]
["Avicultura para ovos","cabecas",15,{"v":15,"d":"15.0"},{"v":44.33,"d":"44.3"},{"v":100,"d":"100.0"},{"v":665,"d":"665.0"}]
["Bovinocultura de corte","cabecas",49,{"v":1,"d":"1.0"},{"v":61.98,"d":"62.0"},{"v":458,"d":"458.0"},{"v":3037,"d":"3,037.0"}]
["Bovinocultura leiteira","cabecas",66,{"v":1,"d":"1.0"},{"v":22.52,"d":"22.5"},{"v":295,"d":"295.0"},{"v":1486,"d":"1,486.0"}]
["Bovinocultura mista","cabecas",140,{"v":1,"d":"1.0"},{"v":16.77,"d":"16.8"},{"v":260,"d":"260.0"},{"v":2348,"d":"2,348.0"}]
["Caprinocultura","cabecas",2,{"v":6,"d":"6.0"},{"v":6,"d":"6.0"},{"v":6,"d":"6.0"},{"v":12,"d":"12.0"}]
["Equinocultura","cabecas",99,{"v":1,"d":"1.0"},{"v":3.91,"d":"3.9"},{"v":96,"d":"96.0"},{"v":387,"d":"387.0"}]
["Ovinocultura","cabecas",19,{"v":1,"d":"1.0"},{"v":40.84,"d":"40.8"},{"v":550,"d":"550.0"},{"v":776,"d":"776.0"}]
["Piscicultura","m2 tanques",5,{"v":3000,"d":"3,000.0"},{"v":22640,"d":"22,640.0"},{"v":75000,"d":"75,000.0"},{"v":113200,"d":"113,200.0"}]
["Suinocultura","cabecas",45,{"v":3,"d":"3.0"},22.8,{"v":450,"d":"450.0"},{"v":1026,"d":"1,026.0"}]
["Fonte: Secretaria de Agricultura e Abastecimento, CDRS/IEA, Projeto LUPA."]
[]
["TABELA 322.3 -  Máquinas, Implementos e Benfeitorias, Município de Maracaí, Estado de São Paulo, 2016/17."]
["ITEM","UNIDADE","N.DE UPAs","MÍNIMO","MÉDIO","MÁXIMO","TOTAL"]
["Arado comum (bacia, aiveca)","unidade",96,{"v":1,"d":"1.0"},{"v":1.52,"d":"1.5"},{"v":7,"d":"7.0"},{"v":146,"d":"146.0"}]
["Arado escarificador","unidade",18,{"v":1,"d":"1.0"},{"v":1.56,"d":"1.6"},{"v":3,"d":"3.0"},{"v":28,"d":"28.0"}]
["Arado subsolador","unidade",58,{"v":1,"d":"1.0"},{"v":1.66,"d":"1.7"},{"v":8,"d":"8.0"},{"v":96,"d":"96.0"}]
["Batedeira de cereais","unidade",2,{"v":1,"d":"1.0"},{"v":1,"d":"1.0"},{"v":1,"d":"1.0"},{"v":2,"d":"2.0"}]
["Camara fria","unidade",2,{"v":2,"d":"2.0"},{"v":3,"d":"3.0"},{"v":4,"d":"4.0"},{"v":6,"d":"6.0"}]
["Carregadeira de cana","unidade",10,{"v":1,"d":"1.0"},3.3,{"v":10,"d":"10.0"},{"v":33,"d":"33.0"}]
["Carreta de trator","unidade",3,{"v":1,"d":"1.0"},{"v":1.33,"d":"1.3"},{"v":2,"d":"2.0"},{"v":4,"d":"4.0"}]
["Colhedeira acoplada","unidade",3,{"v":1,"d":"1.0"},{"v":1,"d":"1.0"},{"v":1,"d":"1.0"},{"v":3,"d":"3.0"}]
["Colhedeira automotriz","unidade",69,{"v":1,"d":"1.0"},{"v":1.83,"d":"1.8"},{"v":6,"d":"6.0"},{"v":126,"d":"126.0"}]
["Computador","unidade",6,{"v":1,"d":"1.0"},4.5,{"v":20,"d":"20.0"},{"v":27,"d":"27.0"}]
["Conj.irrigacao autopropelido","unidade",1,{"v":1,"d":"1.0"},{"v":1,"d":"1.0"},{"v":1,"d":"1.0"},{"v":1,"d":"1.0"}]
["Conj.irrigacao convencional","unidade",4,{"v":1,"d":"1.0"},{"v":2.25,"d":"2.3"},{"v":4,"d":"4.0"},{"v":9,"d":"9.0"}]
["Conj.irrigacao pivot central","unidade",2,{"v":2,"d":"2.0"},4.5,{"v":7,"d":"7.0"},{"v":9,"d":"9.0"}]
["Conjunto de fenacao","unidade",2,{"v":1,"d":"1.0"},1.5,{"v":2,"d":"2.0"},{"v":3,"d":"3.0"}]
["Desintegrador de palha (plantio direto)","unidade",10,{"v":1,"d":"1.0"},1.2,{"v":3,"d":"3.0"},{"v":12,"d":"12.0"}]
["Desintegrador, picador, triturador","unidade",99,{"v":1,"d":"1.0"},{"v":1.12,"d":"1.1"},{"v":2,"d":"2.0"},{"v":111,"d":"111.0"}]
["Distribuidor de calcario","unidade",48,{"v":1,"d":"1.0"},{"v":1.31,"d":"1.3"},{"v":4,"d":"4.0"},{"v":63,"d":"63.0"}]
["Ensiladeira","unidade",24,{"v":1,"d":"1.0"},{"v":1.13,"d":"1.1"},{"v":2,"d":"2.0"},{"v":27,"d":"27.0"}]
["Grade aradora (tipo romi)","unidade",101,{"v":1,"d":"1.0"},{"v":1.63,"d":"1.6"},{"v":8,"d":"8.0"},{"v":165,"d":"165.0"}]
["Grade niveladora","unidade",122,{"v":1,"d":"1.0"},{"v":1.66,"d":"1.7"},{"v":8,"d":"8.0"},{"v":203,"d":"203.0"}]
["Implementos para tracao animal","unidade",3,{"v":1,"d":"1.0"},{"v":1,"d":"1.0"},{"v":1,"d":"1.0"},{"v":3,"d":"3.0"}]
["Misturador de racao","unidade",9,{"v":1,"d":"1.0"},{"v":1,"d":"1.0"},{"v":1,"d":"1.0"},{"v":9,"d":"9.0"}]
["Mmicrotrator","unidade",2,{"v":1,"d":"1.0"},1.5,{"v":2,"d":"2.0"},{"v":3,"d":"3.0"}]
["Ordenhadeira mecanica","unidade",9,{"v":1,"d":"1.0"},{"v":1.33,"d":"1.3"},{"v":4,"d":"4.0"},{"v":12,"d":"12.0"}]
["Pulverizador tratorizado","unidade",129,{"v":1,"d":"1.0"},{"v":1.52,"d":"1.5"},{"v":11,"d":"11.0"},{"v":196,"d":"196.0"}]
["Resfriador de leite, tanque expansao","unidade",3,{"v":1,"d":"1.0"},{"v":1.33,"d":"1.3"},{"v":2,"d":"2.0"},{"v":4,"d":"4.0"}]
["Roçadeira costal","unidade",3,{"v":1,"d":"1.0"},{"v":1,"d":"1.0"},{"v":1,"d":"1.0"},{"v":3,"d":"3.0"}]
["Roçadeira tratorizada","unidade",4,{"v":1,"d":"1.0"},{"v":1,"d":"1.0"},{"v":1,"d":"1.0"},{"v":4,"d":"4.0"}]
["Semeadeira/adubadeira para plantio convencional","unidade",60,{"v":1,"d":"1.0"},1.5,{"v":5,"d":"5.0"},{"v":90,"d":"90.0"}]
["Semeadeira/plantadeira plantio direto","unidade",90,{"v":1,"d":"1.0"},{"v":1.67,"d":"1.7"},{"v":5,"d":"5.0"},{"v":150,"d":"150.0"}]
["Terraceador","unidade",22,{"v":1,"d":"1.0"},{"v":1.32,"d":"1.3"},{"v":4,"d":"4.0"},{"v":29,"d":"29.0"}]
["Trator de esteiras","unidade",8,{"v":1,"d":"1.0"},{"v":1,"d":"1.0"},{"v":1,"d":"1.0"},{"v":8,"d":"8.0"}]
["Trator de pneus  acima de 85 cv","unidade",137,{"v":1,"d":"1.0"},{"v":2.53,"d":"2.5"},{"v":15,"d":"15.0"},{"v":346,"d":"346.0"}]
["Trator de pneus até 65 cv","unidade",38,{"v":1,"d":"1.0"},{"v":1.03,"d":"1.0"},{"v":2,"d":"2.0"},{"v":39,"d":"39.0"}]
["Trator de pneus de 66 cv a 85 cv","unidade",118,{"v":1,"d":"1.0"},{"v":1.16,"d":"1.2"},{"v":4,"d":"4.0"},{"v":137,"d":"137.0"}]
["Acude/represa","unidade",53,{"v":1,"d":"1.0"},{"v":1.66,"d":"1.7"},{"v":7,"d":"7.0"},{"v":88,"d":"88.0"}]
["Adega cantina","unidade",2,{"v":1,"d":"1.0"},{"v":1,"d":"1.0"},{"v":1,"d":"1.0"},{"v":2,"d":"2.0"}]
["Almoxarifado/oficina","unidade",48,{"v":1,"d":"1.0"},{"v":1.02,"d":"1.0"},{"v":2,"d":"2.0"},{"v":49,"d":"49.0"}]
["Armazem para graos ensacados","sacas",17]
["Balanca para bovinos","unidade",7,{"v":1,"d":"1.0"},{"v":1,"d":"1.0"},{"v":1,"d":"1.0"},{"v":7,"d":"7.0"}]
["Balanca para veiculos","unidade",6,{"v":1,"d":"1.0"},{"v":1.17,"d":"1.2"},{"v":2,"d":"2.0"},{"v":7,"d":"7.0"}]
["Barracao para granja/avicultura","unidade",5,{"v":1,"d":"1.0"},1.6,{"v":3,"d":"3.0"},{"v":8,"d":"8.0"}]
["Barracao/galpao/garagem","unidade",217,{"v":1,"d":"1.0"},{"v":1.24,"d":"1.2"},{"v":6,"d":"6.0"},{"v":270,"d":"270.0"}]
["Casa de moradia habitada","unidade",335,{"v":1,"d":"1.0"},{"v":1.44,"d":"1.4"},{"v":8,"d":"8.0"},{"v":481,"d":"481.0"}]
["Casa de moradia total","unidade",403,{"v":1,"d":"1.0"},{"v":1.77,"d":"1.8"},{"v":15,"d":"15.0"},{"v":715,"d":"715.0"}]
["Curral/mangueira","unidade",250,{"v":1,"d":"1.0"},{"v":1.02,"d":"1.0"},{"v":3,"d":"3.0"},{"v":256,"d":"256.0"}]
["Deposito/tulha","unidade",178,{"v":1,"d":"1.0"},{"v":1.12,"d":"1.1"},{"v":3,"d":"3.0"},{"v":199,"d":"199.0"}]
["Estabulo","unidade",6,{"v":1,"d":"1.0"},{"v":1,"d":"1.0"},{"v":1,"d":"1.0"},{"v":6,"d":"6.0"}]
["Fabrica de racao","unidade",2,{"v":1,"d":"1.0"},{"v":1,"d":"1.0"},{"v":1,"d":"1.0"},{"v":2,"d":"2.0"}]
["Instalacoes para equinos","unidade",7,{"v":1,"d":"1.0"},{"v":3.57,"d":"3.6"},{"v":14,"d":"14.0"},{"v":25,"d":"25.0"}]
["Maquina de beneficio","unidade",13,{"v":1,"d":"1.0"},{"v":1.08,"d":"1.1"},{"v":2,"d":"2.0"},{"v":14,"d":"14.0"}]
["Pocilga","unidade",53,{"v":1,"d":"1.0"},{"v":1.09,"d":"1.1"},{"v":4,"d":"4.0"},{"v":58,"d":"58.0"}]
["Poco semi-artesiano","unidade",93,{"v":1,"d":"1.0"},{"v":1.06,"d":"1.1"},{"v":3,"d":"3.0"},{"v":99,"d":"99.0"}]
["Secador de graos","unidade",18,{"v":1,"d":"1.0"},{"v":1,"d":"1.0"},{"v":1,"d":"1.0"},{"v":18,"d":"18.0"}]
["Silo para graos","ton",22]
["Silo para silagem","ton",23]
["Terreiro","m2",2]
["Usina de acucar/destilaria","unidade",1,{"v":1,"d":"1.0"},{"v":1,"d":"1.0"},{"v":1,"d":"1.0"},{"v":1,"d":"1.0"}]
["Fonte: Secretaria de Agricultura e Abastecimento, CDRS/IEA, Projeto LUPA."]
[]
["TABELA 322.4 - Outras Estatísticas Agrícolas, Município de Maracaí, Estado de São Paulo, 2016/17."]
["ITEM","Número de UPAs",null,"Percentual"]
["Faz Parte de Associação de Produtores",62,null,{"v":7.918263090676884,"d":"7.9"}]
["Faz Parte de Cooperativa de Produtores",338,null,{"v":43.16730523627075,"d":"43.2"}]
["Faz Parte do Sindicato de Produtores",260,null,{"v":33.205619412515965,"d":"33.2"}]
["Não utiliza assistência técnica ",154,null,{"v":19.66794380587484,"d":"19.7"}]
["Utiliza somente assistência técnica governamental ",195,null,{"v":24.904214559386972,"d":"24.9"}]
["Utiliza somente assistência técnica privada ",224,null,{"v":28.607918263090678,"d":"28.6"}]
["Utiliza assistência técnica tanto governamental quanto privada",210,null,{"v":26.81992337164751,"d":"26.8"}]
["Utiliza Crédito Rural",378,null,{"v":48.275862068965516,"d":"48.3"}]
["Utiliza Seguro Rural",202,null,{"v":25.798212005108557,"d":"25.8"}]
["Utiliza Escrituração Agrícola",422,null,{"v":53.89527458492976,"d":"53.9"}]
["Acessa Internet p/ Fins na Agropecuária",221,null,{"v":28.22477650063857,"d":"28.2"}]
["Utiliza Computador nas Atividades Agropecuárias",228,null,{"v":29.118773946360154,"d":"29.1"}]
["Utiliza Energia Elétrica Para Uso na Atividade Agrícola",429,null,{"v":54.78927203065134,"d":"54.8"}]
["Utiliza Energia Alternativa","-",null,"-"]
["Realiza Análise de Solo, quando necessário",484,null,{"v":61.81353767560664,"d":"61.8"}]
["Realiza Calagem",95,null,{"v":12.132822477650064,"d":"12.1"}]
["Utiliza Práticas de Conservação de Solo, quando necessário",749,null,{"v":95.65772669220945,"d":"95.7"}]
["Faz Adubação Mineral, quando necessário",705,null,{"v":90.0383141762452,"d":"90.0"}]
["Faz Adubação Orgânica, quando necessário",90,null,{"v":11.494252873563218,"d":"11.5"}]
["Faz Adubação Verde, quando necessário",37,null,{"v":4.725415070242657,"d":"4.7"}]
["Utiliza Manejo Integrado de Pragas (MIP)",40,null,{"v":5.108556832694764,"d":"5.1"}]
["Utiliza Hidroponia","-",null,"-"]
["Utiliza Cultivo em Estufa",1,null,{"v":0.1277139208173691,"d":"0.1"}]
["Utiliza Mudas Fiscalizadas",204,null,{"v":26.053639846743295,"d":"26.1"}]
["Utiliza Semente Melhorada",500,null,{"v":63.85696040868454,"d":"63.9"}]
["Faz Confinamento de Bovinos",17,null,{"v":2.1711366538952745,"d":"2.2"}]
["Utiliza Pastejo Intensivo",169,null,{"v":21.583652618135375,"d":"21.6"}]
["Faz Inseminação Artificial",5,null,{"v":0.6385696040868455,"d":"0.6"}]
["Faz Mineralização do Rebanho",251,null,{"v":32.05619412515964,"d":"32.1"}]
["Faz Vermifugação do Rebanho",252,null,{"v":32.18390804597701,"d":"32.2"}]
["Possui Parceiros /Arrendatários na Exploração Animal",69,null,{"v":8.812260536398467,"d":"8.8"}]
["Existência de trabalhadores c/ deficiência na UPA","-",null,"-"]
["Esporte e lazer","-",null,"-"]
["Extração mineral","-",null,"-"]
["Hotel Fazenda, Pousada ou SPA","-",null,"-"]
["Pesque-pague",1,null,{"v":0.1277139208173691,"d":"0.1"}]
["Restaurante ou Lanchonete",1,null,{"v":0.1277139208173691,"d":"0.1"}]
["Transformação artesanal","-",null,"-"]
["Turismo rural ou ecoturismo","-",null,"-"]
["Outras atividades econômicas rurais",2,null,{"v":0.2554278416347382,"d":"0.3"}]
["Agroindústria","-",null,"-"]
["Proprietário sem instrução ou com instrução incompleta",46,null,{"v":5.874840357598978,"d":"5.9"}]
["Proprietário com antigo primário completo",352,null,{"v":44.95530012771392,"d":"45.0"}]
["Proprietário com 1° grau (ou antigo ginasial) completo",77,null,{"v":9.83397190293742,"d":"9.8"}]
["Proprietário com 2° grau (ou antigo colegial) completo",160,null,{"v":20.434227330779056,"d":"20.4"}]
["Proprietário com curso superior completo ",106,null,{"v":13.537675606641123,"d":"13.5"}]
["Pessoa Jurídica",42,null,{"v":5.363984674329502,"d":"5.4"}]
["Proprietário residente na própria UPA ",179,null,{"v":22.860791826309065,"d":"22.9"}]
["Fonte: Secretaria de Agricultura e Abastecimento, CDRS/IEA, Projeto LUPA."]
[]
["TABELA 322.5 - Área Cultivada, Município de Maracaí, Estado de São Paulo, 2016/17."]
["CULTURA","N.DE UPAs","MÍNIMO","MÉDIO","MÁXIMO","TOTAL"]
["Soja",492,1.2,{"v":50.26,"d":"50.3"},{"v":2386.8,"d":"2,386.8"},{"v":24728.3,"d":"24,728.3"}]
["Milho 2 safra",495,0.3,{"v":49.79,"d":"49.8"},{"v":2386.8,"d":"2,386.8"},{"v":24647.2,"d":"24,647.2"}]
["Cana-de-acucar finalidade industria",229,1.4,{"v":74.47,"d":"74.5"},{"v":1497.2,"d":"1,497.2"},{"v":17052.6,"d":"17,052.6"}]
["Braquiaria",114,0.2,{"v":16.18,"d":"16.2"},{"v":350,"d":"350.0"},{"v":1844,"d":"1,844.0"}]
["Gramas",195,0.4,{"v":8.38,"d":"8.4"},{"v":158,"d":"158.0"},{"v":1633.2,"d":"1,633.2"}]
["Eucalipto",33,0.1,{"v":5.73,"d":"5.7"},{"v":66,"d":"66.0"},189.1]
["Coloniao",12,0.6,{"v":7.99,"d":"8.0"},56.7,95.9]
["Milho safra",10,0.3,{"v":6,"d":"6.0"},35.5,{"v":60,"d":"60.0"}]
["Outras gramineas para pastagem",2,21.2,25.1,{"v":29,"d":"29.0"},50.2]
["Trigo",4,{"v":4,"d":"4.0"},{"v":9.25,"d":"9.3"},15.7,{"v":37,"d":"37.0"}]
["Aveia",1,{"v":35,"d":"35.0"},{"v":35,"d":"35.0"},{"v":35,"d":"35.0"},{"v":35,"d":"35.0"}]
["Milho-silagem",8,{"v":1,"d":"1.0"},2.4,4.5,19.2]
["Mandioca",4,0.6,{"v":4,"d":"4.0"},9.6,{"v":16,"d":"16.0"}]
["Capim-napier (ou capim-elefante)",2,1.2,{"v":2.75,"d":"2.8"},4.3,5.5]
["Banana",3,0.5,{"v":1.67,"d":"1.7"},{"v":4,"d":"4.0"},{"v":5,"d":"5.0"}]
["Outras florestais",3,0.3,1.3,2.4,3.9]
["Outras olericolas",1,3.3,3.3,3.3,3.3]
["Sorgo-vassoura",1,{"v":3,"d":"3.0"},{"v":3,"d":"3.0"},{"v":3,"d":"3.0"},{"v":3,"d":"3.0"}]
["Sorgo-forrageiro",1,2.4,2.4,2.4,2.4]
["Arroz",1,2.3,2.3,2.3,2.3]
["Cana-de-acucar outras finalidades",4,0.2,{"v":0.43,"d":"0.4"},0.6,1.7]
["Laranja destino misto",2,0.5,{"v":0.55,"d":"0.6"},0.6,1.1]
["Feijao",1,{"v":1,"d":"1.0"},{"v":1,"d":"1.0"},{"v":1,"d":"1.0"},{"v":1,"d":"1.0"}]
["Limao",1,0.6,0.6,0.6,0.6]
["Manga",1,0.5,0.5,0.5,0.5]
["Berinjela",1,0.2,0.2,0.2,0.2]
["Couve (ou couve-crespa)",1,0.2,0.2,0.2,0.2]
["Alface",1,0.1,0.1,0.1,0.1]
["Quiabo",1,0.1,0.1,0.1,0.1]
["Fonte: Secretaria de Agricultura e Abastecimento, CDRS/IEA, Projeto LUPA."]